[Event "GER-ch U25-B"]
[Site "Willingen"]
[Date "2018.05.25"]
[Round "8"]
[White "Adelmeyer, Matti"]
[Black "Brockmeyer, Tobias"]
[Result "0-1"]
[WhiteElo "1834"]
[BlackElo "1746"]
[PlyCount "74"]
[EventDate "2018.05.19"]
[EventType "swiss"]
[EventRounds "9"]
[EventCountry "GER"]
[SourceTitle "CBM 184 Extra"]
[Source "ChessBase"]
[SourceDate "2018.06.28"]
[SourceVersion "1"]
[SourceVersionDate "2018.06.28"]
[SourceQuality "1"]

1. e4 e6 2. d4 d5 3. Nd2 Nf6 4. e5 Nfd7 5. Bd3 c5 6. c3 Nc6 7. Ne2 cxd4 8. cxd4 f6 9. Nf4 Nxd4 10. Qh5+ g6 11. Nxg6 hxg6 12. Bxg6+ Ke7 13. Qxh8 Nxe5 14. Qh7+ Kd6 15. b3 Bd7 16. Bb2 Nec6 17. 0-0 Qa5 18. Rfd1 e5 19. Nf1 Ne2+ 20. Kh1 Nf4 21. Ne3 Kc7 22. Be4 d4 23. Nc4 Qa6 24. a3 Re8 25. Rac1 Re7 26. Qh4 Bg7 27. g3 Ne6 28. Nxe5 Qe2 29. Bxc6 bxc6 30. Nd3 Qf3+ 31. Kg1 Kd8 32. Bxd4 Ng5 33. Nf4 Re4 34. Rd3 Rxf4 35. Rxf3 Nxf3+ 36. Kg2 Nxh4+ 37. gxh4 Rxd4 0-1

[Event "GER-ch U25-B"]
[Site "Willingen"]
[Date "2018.05.23"]
[Round "6"]
[White "Adelmeyer, Matti"]
[Black "Bilecen, Simon"]
[Result "1/2-1/2"]
[WhiteElo "1834"]
[BlackElo "1666"]
[PlyCount "96"]
[EventDate "2018.05.19"]
[EventType "swiss"]
[EventRounds "9"]
[EventCountry "GER"]
[SourceTitle "CBM 184 Extra"]
[Source "ChessBase"]
[SourceDate "2018.06.28"]
[SourceVersion "1"]
[SourceVersionDate "2018.06.28"]
[SourceQuality "1"]

1. e4 c5 2. c3 Nf6 3. e5 Nd5 4. d4 cxd4 5. cxd4 e6 6. Nc3 Nxc3 7. bxc3 d6 8. Nf3 dxe5 9. Nxe5 Bd6 10. Bf4 0-0 11. Bd3 Nd7 12. Nxf7 Rxf7 13. Bxd6 Nf6 14. Bg3 Qa5 15. Qc2 Bd7 16. 0-0 Ba4 17. Qb2 Nd5 18. c4 Nb4 19. Qd2 Rd8 20. Be4 Bc6 21. Bxh7+ Kxh7 22. a3 Qb6 23. c5 Qxc5 24. dxc5 Rxd2 25. axb4 a6 26. Rad1 Rb2 27. Rd4 Rf5 28. Re1 Bd5 29. f3 Rg5 30. Re5 Rg6 31. Kf1 Rc2 32. Bf2 Bc4+ 33. Kg1 Bd5 34. Rf4 Rc3 35. Re3 Rc1+ 36. Be1 Rc2 37. g3 Rf6 38. Rxf6 gxf6 39. h4 f5 40. Rd3 Kg6 41. f4 Rg2+ 42. Kf1 Bc4 43. Kxg2 Bxd3 44. Kf3 Be4+ 45. Ke3 Kh5 46. Kd4 Bd5 47. Ke5 Bc4 48. Kd6 Bd5 1/2-1/2

[Event "GER-chT North U12"]
[Site "Magdeburg"]
[Date "2014.09.12"]
[Round "4.1"]
[White "Adelmeyer, Matti"]
[Black "Zeuner, Ole"]
[Result "0-1"]
[WhiteElo "1319"]
[BlackElo "1452"]
[PlyCount "48"]
[EventDate "2014.09.11"]
[EventType "team-swiss"]
[EventRounds "7"]
[EventCountry "GER"]
[SourceTitle "EXT 2016"]
[Source "ChessBase"]
[SourceDate "2015.10.08"]
[SourceVersion "1"]
[SourceVersionDate "2015.10.08"]
[SourceQuality "1"]
[WhiteTeam "Doellnitz"]
[BlackTeam "Magdeburg Schachzwerge"]
[WhiteTeamCountry "GER"]
[BlackTeamCountry "GER"]

1. e4 c5 2. Nf3 Nc6 3. d4 cxd4 4. Nxd4 g6 5. Bc4 Bg7 6. Nxc6 bxc6 7. 0-0 d6 8. Qf3 Nf6 9. Nc3 0-0 10. Rd1 Qc7 11. Bf4 Bg4 12. Qe3 Bxd1 13. Rxd1 Qb6 14. Qxb6 axb6 15. a3 Rfd8 16. Be3 b5 17. Bb3 Ng4 18. Bb6 Rdb8 19. Bd4 Ne5 20. Bxe5 Bxe5 21. Rd3 b4 22. Nd1 Bxb2 23. Nxb2 bxa3 24. Na4 Rxa4 0-1

[Event "Magdeburg op-B"]
[Site "Magdeburg"]
[Date "2014.06.12"]
[Round "7"]
[White "Adelmeyer, Matti"]
[Black "Rose, Luis Stratos"]
[Result "1/2-1/2"]
[WhiteElo "1316"]
[BlackElo "1392"]
[PlyCount "58"]
[EventDate "2014.06.08"]
[EventType "swiss"]
[EventRounds "9"]
[EventCountry "GER"]
[SourceTitle "CBM 160 Extra"]
[Source "ChessBase"]
[SourceDate "2014.07.01"]
[SourceVersion "1"]
[SourceVersionDate "2014.07.01"]
[SourceQuality "1"]

1. e4 g6 2. d4 Bg7 3. Nf3 d6 4. Be2 Nf6 5. Nc3 0-0 6. 0-0 Nbd7 7. Bf4 Nh5 8. Be3 Nhf6 9. Qc1 e5 10. dxe5 dxe5 11. Bh6 Qe7 12. Bxg7 Kxg7 13. Re1 b6 14. Bb5 Bb7 15. Qg5 Rfe8 16. Bxd7 Nxd7 17. Nd5 Qxg5 18. Nxg5 Bxd5 19. exd5 h6 20. Nf3 f6 21. Rad1 Rad8 22. Nd2 a5 23. Ne4 Nc5 24. Nxc5 bxc5 25. Re4 Rb8 26. b3 Rb4 27. f3 Rd4 28. Rdxd4 cxd4 29. f4 Kf7 1/2-1/2

[Event "GER-chT U10"]
[Site "Magdeburg"]
[Date "2013.12.28"]
[Round "5.1"]
[White "Garbuz, Nicole"]
[Black "Adelmeyer, Matti"]
[Result "0-1"]
[WhiteElo "1267"]
[BlackElo "1178"]
[PlyCount "108"]
[EventDate "2013.12.27"]
[EventType "team-swiss"]
[EventRounds "5"]
[EventCountry "GER"]
[SourceTitle "EXT 2015"]
[Source "ChessBase"]
[SourceDate "2014.11.20"]
[SourceVersion "1"]
[SourceVersionDate "2014.11.20"]
[SourceQuality "1"]
[WhiteTeam "Brackel"]
[BlackTeam "Doellnitz"]
[WhiteTeamCountry "GER"]
[BlackTeamCountry "GER"]

1. e4 e5 2. Nf3 Nc6 3. Bc4 Bc5 4. c3 Nf6 5. d4 exd4 6. cxd4 Bb4+ 7. Bd2 Bxd2+ 8. Nbxd2 d5 9. exd5 Nxd5 10. 0-0 0-0 11. Qb3 Nb6 12. Rfe1 Bg4 13. Qd3 Na5 14. Bb3 Nxb3 15. Qxb3 Be6 16. Qd3 c5 17. b3 cxd4 18. Qxd4 Qxd4 19. Nxd4 Rad8 20. N2f3 Bd5 21. Rac1 Bxf3 22. Nxf3 Nd5 23. Rc4 b5 24. Rc5 a6 25. Rd1 Nc3 26. Re1 Nxa2 27. Rce5 Nb4 28. R5e2 Nd3 29. Ra1 Rd6 30. Rd1 Rd7 31. Red2 Rfd8 32. Re2 g6 33. h3 Nf4 34. Re8+ Rxe8 35. Rxd7 b4 36. Rb7 Nd3 37. Rb6 Ra8 38. Nd4 a5 39. Rb5 a4 40. bxa4 Rxa4 41. Rb8+ Kg7 42. f3 Nc5 43. g4 Ra1+ 44. Kh2 Rb1 45. g5 b3 46. Nxb3 Rxb3 47. Rxb3 Nxb3 48. Kg3 Nd4 49. f4 f6 50. h4 f5 51. Kg2 h6 52. gxh6+ Kxh6 53. Kg3 Kh5 54. Kh3 Ne2 0-1

[Event "GER-chT U10"]
[Site "Magdeburg"]
[Date "2012.12.27"]
[Round "2.1"]
[White "Bierfreund, Trine Maja"]
[Black "Adelmeyer, Matti"]
[Result "0-1"]
[WhiteElo "1195"]
[BlackElo "1154"]
[PlyCount "108"]
[EventDate "2012.12.27"]
[EventType "team-swiss"]
[EventRounds "7"]
[EventCountry "GER"]
[SourceTitle "EXT 2014"]
[Source "ChessBase"]
[SourceDate "2013.11.20"]
[SourceVersion "1"]
[SourceVersionDate "2013.11.20"]
[SourceQuality "1"]
[WhiteTeam "Magdeburg Aufbau Elbe"]
[BlackTeam "Doellnitz"]
[WhiteTeamCountry "GER"]
[BlackTeamCountry "GER"]

1. e4 e5 2. Nf3 Nc6 3. Nc3 Nf6 4. Be2 Bc5 5. h3 0-0 6. 0-0 d5 7. exd5 Nxd5 8. d3 Bb4 9. Bd2 Bf5 10. Qe1 Bc5 11. Rd1 Qd6 12. Be3 Bxe3 13. fxe3 Nxe3 14. Rf2 Nxd1 15. Qxd1 a6 16. Rf1 Nd4 17. Kh1 Nxe2 18. Qxe2 Rfe8 19. a3 Re7 20. Rd1 Rae8 21. Qf2 Qh6 22. Qg3 c6 23. b4 e4 24. dxe4 Bxe4 25. Nxe4 Rxe4 26. Kh2 g6 27. Rf1 Re2 28. c3 R2e3 29. Rc1 R3e4 30. Rf1 Qf4 31. Qxf4 Rxf4 32. Rf2 Re3 33. Kg3 Rc4 34. Kh2 Rcxc3 35. a4 Rb3 36. Nd4 Rbc3 37. Nf3 Rc4 38. g3 Rxb4 39. Kg2 Rxa4 40. h4 Raa3 41. g4 b5 42. Kg3 b4 43. Kg2 b3 44. Nh2 Ra2 45. Nf1 b2 46. Nxe3 b1Q 47. Rxa2 Qxa2+ 48. Kf3 Qb3 49. Kf2 h5 50. gxh5 gxh5 51. Kf3 Qc3 52. Kf4 a5 53. Kf3 Qf6+ 54. Ke2 a4 0-1

[Event "GER-chT North U12"]
[Site "Magdeburg"]
[Date "2012.09.06"]
[Round "2.4"]
[White "Adelmeyer, Matti"]
[Black "Riess, Alexander"]
[Result "0-1"]
[WhiteElo "1169"]
[BlackElo "1520"]
[PlyCount "120"]
[EventDate "2012.09.06"]
[EventType "team-swiss"]
[EventRounds "7"]
[EventCountry "GER"]
[SourceTitle "EXT 2015"]
[Source "ChessBase"]
[SourceDate "2014.11.20"]
[SourceVersion "1"]
[SourceVersionDate "2014.11.20"]
[SourceQuality "1"]
[WhiteTeam "Doellnitz"]
[BlackTeam "Luebeck"]
[WhiteTeamCountry "GER"]
[BlackTeamCountry "GER"]

1. e4 c5 2. Nf3 e6 3. d4 cxd4 4. Nxd4 a6 5. Bc4 Qc7 6. Be2 Nf6 7. Nc3 Bb4 8. Bd2 Bxc3 9. Bxc3 Nxe4 10. Qd3 Nxc3 11. Qxc3 Qxc3+ 12. bxc3 0-0 13. 0-0 d5 14. c4 Nc6 15. Nf3 d4 16. Rfd1 e5 17. Bd3 f5 18. c5 Be6 19. Be2 Rad8 20. Ng5 Bc8 21. Bc4+ Kh8 22. Nf7+ Rxf7 23. Bxf7 Nb4 24. Rdb1 Nxc2 25. Rc1 Nxa1 26. Rxa1 g6 27. Rc1 Kg7 28. Bc4 d3 29. Rd1 e4 30. f4 Rd4 31. Bb3 e3 32. g3 e2 33. Re1 d2 34. Rxe2 d1Q+ 35. Bxd1 Rxd1+ 36. Kf2 Kf6 37. Re8 Be6 38. Rf8+ Bf7 39. Ke3 Rd7 40. Kf3 Rc7 41. Ke3 Rxc5 42. Kd4 Rc4+ 43. Kd3 Rc7 44. Kd4 Re7 45. Kc5 Re8 46. Rxe8 Bxe8 47. Kb6 Bc6 48. a3 Ke6 49. a4 Kd5 50. Ka5 Ke4 51. Kb4 Kf3 52. a5 Kg2 53. Kc5 Kxh2 54. Kd6 Kxg3 55. Ke5 h5 56. Kf6 h4 57. Kxg6 Kg4 58. Kh6 h3 59. Kg6 h2 60. Kf6 h1Q 0-1